Advanced engineering mathematics

Salvato in:
Dettagli Bibliografici
Autore principale:  Kreyszig, Erwin
Natura: Sách
Lingua:Undetermined
Pubblicazione:  John Wiley & Sons, Ins  2011
Soggetti:
Tags: Aggiungi Tag
Nessun Tag, puoi essere il primo ad aggiungerne! !
Thư viện lưu trữ: Trung tâm Thư viện - Trường Đại học Công nghiệp TP. Hồ Chí Minh
LEADER 00494nam a2200157Ia 4500
001 UIH_04536
008 231011s9999 xx 000 0 und d
082 |a  510.2462 
100 |a  Kreyszig, Erwin 
245 0 |a  Advanced engineering mathematics 
245 0 |c  Kreyszig, Erwin 
260 |b  John Wiley & Sons, Ins 
260 |c  2011 
650 |a  Toán học kỹ thuật;  
927 |a Sách 
980 |a Trung tâm Thư viện - Trường Đại học Công nghiệp TP. Hồ Chí Minh